[Event "22nd EUR-ch (w)"]
[Site "Prague CZE"]
[Date "2022.08.24"]
[Round "5.16"]
[White "Antova, Gabriela"]
[Black "Antolak, Julia"]
[Result "1-0"]
[WhiteElo "2269"]
[BlackElo "2378"]
[EventDate "2022.08.20"]
[PlyCount "113"]

1.d4 Nf6 2.Nf3 c5 3.d5 b5 4.a4 Bb7 5.e4 Nxe4 6.Bxb5 e6 7.dxe6 fxe6 8.a5 
Qf6 9.Qe2 Nd6 10.Bd3 Bxf3 11.Qxf3 Qxf3 12.gxf3 Nc6 13.c3 Rb8 14.Nd2 Be7 
15.Rg1 O-O 16.Ke2 Nf7 17.Ra4 Nfe5 18.Bc2 d5 19.f4 Nd7 20.Nf3 c4 21.a6 Bf6 
22.Ra2 d4 23.Nxd4 Bxd4 24.Be4 Ne7 25.cxd4 Nf6 26.Bb7 Ned5 27.Ra5 Rbd8 28.
Rg5 Ne7 29.Rac5 Nf5 30.Rxc4 h6 31.Rg1 Nxd4+ 32.Kf1 Nf5 33.Kg2 Nd5 34.Re4 
Rf6 35.Rge1 Rg6+ 36.Kf1 Nc7 37.Rc4 Nb5 38.Rc8 Rxc8 39.Bxc8 Nbd4 40.Bb7 Rf6
41.Bd2 Rf7 42.Rc1 Rd7 43.Rc8+ Kf7 44.Bb4 Nb3 45.Ra8 Rd1+ 46.Kg2 Nh4+ 47.
Kh3 g5 48.Rxa7 Kg6 49.fxg5 hxg5 50.Be4+ Nf5 51.Bc3 Rg1 52.f3 Nc1 53.Rg7+ 
Kh5 54.a7 Ne2 55.Be5 Rf1 56.Rh7+ Kg6 57.a8=Q 1-0

[Event "22nd EUR-ch (w)"]
[Site "Prague CZE"]
[Date "2022.08.24"]
[Round "5.17"]
[White "Sliwicka, Alicja"]
[Black "Unuk, Laura"]
[Result "1-0"]
[WhiteElo "2260"]
[BlackElo "2350"]
[EventDate "2022.08.20"]
[PlyCount "87"]

1.e4 e5 2.Nf3 Nc6 3.Bb5 a6 4.Ba4 d6 5.O-O Bd7 6.c3 g6 7.d4 Bg7 8.Re1 Nf6 
9.h3 O-O 10.Bc2 Re8 11.Nbd2 a5 12.Nf1 a4 13.Ng3 b5 14.Be3 a3 15.b3 exd4 
16.cxd4 Nb4 17.Bd2 Nxc2 18.Qxc2 h5 19.Bg5 Qb8 20.Rac1 c6 21.Qd2 Qb6 22.Bf4
Rad8 23.Bxd6 Be6 24.Qf4 Rd7 25.Bc5 Qa6 26.Bb4 Rdd8 27.Red1 Qa8 28.Bd6 Bc8 
29.Be5 Nh7 30.Bxg7 Kxg7 31.Ne5 Nf6 32.Rxc6 Re6 33.Rc7 Bd7 34.d5 Ra6 35.
Nxd7 Rxd7 36.Rxd7 Nxd7 37.e5 Qe8 38.Re1 Qe7 39.Qd4 h4 40.Ne4 Ra8 41.e6+ 
Nf6 42.Nxf6 Qxf6 43.Qxf6+ Kxf6 44.e7 1-0

[Event "22nd EUR-ch (w)"]
[Site "Prague CZE"]
[Date "2022.08.24"]
[Round "5.18"]
[White "Eric, Jovana"]
[Black "Gaponenko, Inna"]
[Result "0-1"]
[WhiteElo "2244"]
[BlackElo "2339"]
[EventDate "2022.08.20"]
[PlyCount "144"]

1.e4 c5 2.Nf3 d6 3.d4 cxd4 4.Nxd4 Nf6 5.Nc3 Nc6 6.Bg5 e6 7.Qd2 Be7 8.O-O-O
a6 9.f3 Nxd4 10.Qxd4 b5 11.Kb1 Bb7 12.g4 Qc7 13.Be3 h6 14.h4 b4 15.Na4 Rc8
16.Qd2 d5 17.e5 Nd7 18.Qf2 d4 19.Bxd4 Qc6 20.Nb6 Nxb6 21.Bxb6 Qxf3 22.Qd4 
O-O 23.Bd3 Qd5 24.Qe3 Qf3 25.Qd4 Qd5 26.Qe3 Bc5 27.Bxc5 Qxc5 28.Rhe1 Qxe3 
29.Rxe3 Rfd8 30.b3 Kf8 31.Kb2 Rd4 32.Rg1 a5 33.a3 h5 34.gxh5 Rxh4 35.axb4 
axb4 36.Rg5 Rc5 37.Reg3 Be4 38.Bxe4 Rxe4 39.Rxg7 Re2 40.Rg8+ Ke7 41.Kb1 
Rexc2 42.Rg1 Rh2 43.R8g4 Rxe5 44.Rxb4 Rexh5 45.Rb7+ Kf6 46.b4 Rf2 47.b5 e5
48.Rb6+ Kf5 49.Rc6 Rh4 50.b6 Rb4+ 51.Kc1 e4 52.Rg7 Ke5 53.Rg5+ f5 54.Rg7 
Rfb2 55.Re7+ Kd4 56.Rd7+ Ke3 57.Rdd6 Kf3 58.Rh6 f4 59.Rh3+ Kg4 60.Rhh6 e3 
61.Rcg6+ Kf3 62.Rh3+ Ke4 63.Re6+ Kf5 64.Rhh6 e2 65.Rhf6+ Kg4 66.b7 Rb1+ 
67.Kd2 R4b2+ 68.Kc3 f3 69.Rg6+ Kf4 70.Rgf6+ Kg3 71.Rf8 Rxb7 72.Rfe8 Rc7+ 
0-1

[Event "22nd EUR-ch (w)"]
[Site "Prague CZE"]
[Date "2022.08.24"]
[Round "5.19"]
[White "Beydullayeva, Govhar"]
[Black "Rakhmangulova, Anastasiya"]
[Result "1/2-1/2"]
[WhiteElo "2339"]
[BlackElo "2244"]
[EventDate "2022.08.20"]
[PlyCount "82"]

1.d4 Nf6 2.c4 g6 3.Nc3 Bg7 4.e4 d6 5.h3 O-O 6.Be3 Nbd7 7.Nf3 e5 8.d5 a6 9.
Be2 Rb8 10.Nd2 c5 11.a3 Ne8 12.g4 Nc7 13.b4 b5 14.Rb1 f5 15.gxf5 gxf5 16.
exf5 cxb4 17.axb4 Nf6 18.Qc2 bxc4 19.Bxc4 Nb5 20.Nxb5 axb5 21.Bd3 Bb7 22.
Rg1 Bxd5 23.Bh6 Rf7 24.Rc1 Kh8 25.Bxg7+ Rxg7 26.Rxg7 Kxg7 27.Qc7+ Qxc7 28.
Rxc7+ Kh6 29.Nb1 Kg5 30.Rg7+ Kh6 31.Rc7 e4 32.Be2 Kg5 33.Nc3 Bc4 34.Bxc4 
bxc4 35.Rxc4 Kxf5 36.b5 d5 37.Rb4 Ke5 38.b6 d4 39.Ne2 Nd5 40.Rxd4 Rxb6 41.
Rc4 Rb1+ 1/2-1/2

[Event "22nd EUR-ch (w)"]
[Site "Prague CZE"]
[Date "2022.08.24"]
[Round "5.20"]
[White "Gajcin, Marina"]
[Black "Heinemann, Josefine"]
[Result "0-1"]
[WhiteElo "2244"]
[BlackElo "2321"]
[EventDate "2022.08.20"]
[PlyCount "106"]

1.e4 e5 2.Nf3 Nc6 3.Bc4 Bc5 4.d3 Nf6 5.a4 a5 6.O-O d6 7.c3 h6 8.Re1 O-O 9.
h3 Re8 10.Nbd2 Be6 11.Bb5 Bd7 12.Nf1 Ne7 13.Bxd7 Nxd7 14.Ng3 c6 15.Nh4 Nf8
16.Qg4 Neg6 17.Nhf5 Nh7 18.h4 d5 19.h5 Nf6 20.Qf3 Nh8 21.Bd2 Kh7 22.Rad1 
Bf8 23.d4 dxe4 24.Nxe4 exd4 25.Nxh6 Nxe4 26.Rxe4 Qd5 27.Rxe8 Qxf3 28.gxf3 
Rxe8 29.Nf5 Re5 30.Nxd4 Rxh5 31.Re1 Ng6 32.b4 axb4 33.cxb4 Rd5 34.Nb3 Nh4 
35.Re3 Nf5 36.Re8 Bd6 37.Be1 Nh4 38.Nd2 Rxd2 39.Bxd2 Nxf3+ 40.Kg2 Nxd2 41.
b5 cxb5 42.axb5 b6 43.Re3 Bc5 44.Rd3 Ne4 45.f3 Nd6 46.Rb3 Kg6 47.Kf1 Kf5 
48.Ke2 Kf4 49.Rb1 g5 50.Rb3 Nf5 51.Kd3 Kxf3 52.Rb1 g4 53.Rf1+ Bf2 0-1

[Event "22nd EUR-ch (w)"]
[Site "Prague CZE"]
[Date "2022.08.24"]
[Round "5.21"]
[White "Lazarne Vajda, Szidonia"]
[Black "Kanakova, Natalie"]
[Result "1/2-1/2"]
[WhiteElo "2313"]
[BlackElo "2171"]
[EventDate "2022.08.20"]
[PlyCount "98"]

1.d4 f5 2.Nf3 Nf6 3.g3 g6 4.Bg2 Bg7 5.O-O O-O 6.c4 d6 7.Nc3 Nc6 8.d5 Ne5 
9.Nxe5 dxe5 10.Qb3 h6 11.Rd1 g5 12.c5 Kh8 13.Bd2 e4 14.Be1 a6 15.f3 exf3 
16.exf3 f4 17.Ne2 Nd7 18.c6 Nb6 19.Bc3 Qd6 20.Rac1 Bf6 21.a4 a5 22.g4 bxc6
23.Bxf6+ exf6 24.Rxc6 Qe5 25.Rc2 Ba6 26.Bf1 Rab8 27.Qc3 Nc4 28.Qxe5 fxe5 
29.Rdc1 Ne3 30.Rc6 Bxe2 31.Bxe2 e4 32.Rxh6+ Kg7 33.Re6 Rxb2 34.Rxc7+ Rf7 
35.Rxf7+ Kxf7 36.Kf2 Nxd5 37.Rxe4 Nc3 38.Re5 Kf6 39.Re8 Kf7 40.Re5 Kf6 41.
Re8 Ra2 42.Ke1 Nxe2 43.Rxe2 Rxa4 44.Re8 Ra2 45.Re4 Ra1+ 46.Kf2 Ra2+ 47.Kg1
Ra1+ 48.Kg2 Ra2+ 49.Kg1 Ra1+ 1/2-1/2

[Event "22nd EUR-ch (w)"]
[Site "Prague CZE"]
[Date "2022.08.24"]
[Round "5.22"]
[White "Garcia Martin, Marta"]
[Black "Lomaia, Diana"]
[Result "1-0"]
[WhiteElo "2305"]
[BlackElo "1955"]
[EventDate "2022.08.20"]
[PlyCount "87"]

1.e4 c5 2.Nf3 e6 3.c3 Nf6 4.e5 Nd5 5.d4 cxd4 6.cxd4 Nc6 7.Bc4 d6 8.O-O Be7
9.Qe2 O-O 10.Qe4 Nb6 11.Bd3 g6 12.Bh6 Re8 13.Nc3 a6 14.Rad1 Nb4 15.Bb1 
N4d5 16.h4 Nxc3 17.bxc3 Nd5 18.Rc1 dxe5 19.dxe5 Ba3 20.c4 Bxc1 21.Rxc1 f5 
22.Qe2 Nb6 23.h5 Bd7 24.Qe3 Bc6 25.Bg5 Qc7 26.Nh4 Nd7 27.f4 Nf8 28.g4 Be4 
29.Bxe4 fxe4 30.hxg6 hxg6 31.Bf6 Rac8 32.c5 Qd7 33.f5 exf5 34.gxf5 Nh7 35.
Qh6 Nxf6 36.exf6 Qd4+ 37.Kh1 Qxf6 38.Rg1 Rc6 39.Rxg6+ Qxg6 40.fxg6 Re7 41.
Nf5 Rd7 42.Qg5 Re6 43.g7 Rd1+ 44.Kg2 1-0

[Event "22nd EUR-ch (w)"]
[Site "Prague CZE"]
[Date "2022.08.24"]
[Round "5.23"]
[White "Kubicka, Anna"]
[Black "Schulze, Lara"]
[Result "1/2-1/2"]
[WhiteElo "2237"]
[BlackElo "2297"]
[EventDate "2022.08.20"]
[PlyCount "209"]

1.Nf3 d5 2.d4 Nf6 3.c4 e6 4.g3 Be7 5.Bg2 O-O 6.O-O dxc4 7.Qc2 b6 8.Ne5 
Qxd4 9.Bxa8 Qxe5 10.Bf3 Nd5 11.Qxc4 Ba6 12.Qa4 c5 13.Nd2 Qc7 14.a3 b5 15.
Qe4 Nc6 16.Nb3 Bb7 17.Bg2 Nf6 18.Bf4 Qb6 19.Qb1 Nd5 20.Bd2 c4 21.e4 cxb3 
22.exd5 exd5 23.Qd3 Ne5 24.Qe3 Qxe3 25.Bxe3 Nc4 26.Bd4 a5 27.Rfe1 Bf6 28.
Bxf6 gxf6 29.Re7 Ba8 30.Rd7 Rc8 31.Rc1 Bc6 32.Re7 d4 33.Bxc6 Rxc6 34.Rd7 
Rd6 35.Rxd6 Nxd6 36.Rd1 Nc4 37.Rxd4 Nxb2 38.Rd5 a4 39.Rxb5 Kf8 40.Kf1 Ke7 
41.Ke2 Kd6 42.Kd2 Ke6 43.g4 Nc4+ 44.Kc3 Nxa3 45.Ra5 Nb1+ 46.Kb2 Nd2 47.
Rxa4 f5 48.Ra6+ Ke5 49.Ra5+ Kf4 50.Rxf5+ Kxg4 51.Rxf7 h5 52.f4 Nf3 53.Kxb3
Nxh2 54.Kc4 h4 55.Kd4 Kf3 56.f5 Ng4 57.Rh7 Kf4 58.Rxh4 Kxf5 59.Rh5+ Kf4 
60.Rh8 Kf5 61.Re8 Nf6 62.Re5+ Kf4 63.Re1 Kf5 64.Rf1+ Ke6 65.Rf2 Ng4 66.Rf3
Nf6 67.Rf4 Nd7 68.Re4+ Kd6 69.Re8 Nf6 70.Re5 Nd7 71.Ra5 Ke6 72.Ke4 Nf6+ 
73.Kd3 Nd7 74.Kd4 Nf6 75.Re5+ Kd6 76.Rf5 Ke6 77.Ra5 Nd7 78.Ra6+ Kf5 79.Rc6
Nf6 80.Rd6 Ng4 81.Rd8 Nf6 82.Rc8 Ke6 83.Ra8 Nd7 84.Ke4 Nf6+ 85.Kf3 Nd5 86.
Ra6+ Ke5 87.Rh6 Nf6 88.Rh1 Nd5 89.Re1+ Kf5 90.Ra1 Ke5 91.Ra5 Kd4 92.Ra8 
Ke5 93.Rd8 Nf6 94.Ke3 Nd5+ 95.Kd3 Nf6 96.Kc4 Kf5 97.Kd4 Ke6 98.Rc8 Ng4 99.
Rc6+ Kf5 100.Rc5+ Ke6 101.Rc1 Nf6 102.Re1+ Kd6 103.Re5 Nd7 104.Ra5 Ke6 
105.Ra6+ 1/2-1/2

[Event "22nd EUR-ch (w)"]
[Site "Prague CZE"]
[Date "2022.08.24"]
[Round "5.24"]
[White "Babiy, Olga"]
[Black "Richtrova, Eliska"]
[Result "1-0"]
[WhiteElo "2296"]
[BlackElo "2204"]
[EventDate "2022.08.20"]
[PlyCount "89"]

1.e4 e5 2.Nf3 d6 3.d4 Nd7 4.Bc4 c6 5.dxe5 dxe5 6.Ng5 Nh6 7.Qh5 g6 8.Qe2 b5
9.Bb3 Nc5 10.Nc3 a5 11.a3 f6 12.Nf3 Be6 13.Bxe6 Nxe6 14.Be3 Nf7 15.Rd1 Bd6
16.a4 b4 17.Qc4 Qc8 18.Ne2 O-O 19.h4 Bb8 20.h5 Ba7 21.hxg6 hxg6 22.Nh4 
Bxe3 23.fxe3 Kg7 24.Ng3 Ra7 25.Nhf5+ gxf5 26.exf5 Neg5 27.Nh5+ Kg8 28.
Nxf6+ Kg7 29.Nh5+ Kg8 30.Rd6 Qxf5 31.Rf6 Qh7 32.Rxc6 Qf5 33.Rf1 Qxf1+ 34.
Qxf1 Rd8 35.Qf6 Kf8 36.Qg7+ Ke7 37.Rg6 Ne4 38.Rg4 Nd6 39.Nf6 Rh8 40.Ng8+ 
Ke8 41.Rg6 Kd7 42.Nh6 Rxh6 43.Rxh6 Rc7 44.Rf6 Ke7 45.g4 1-0

[Event "22nd EUR-ch (w)"]
[Site "Prague CZE"]
[Date "2022.08.24"]
[Round "5.25"]
[White "Calzetta Ruiz, Monica"]
[Black "Rapport, Jovana"]
[Result "0-1"]
[WhiteElo "2230"]
[BlackElo "2294"]
[EventDate "2022.08.20"]
[PlyCount "58"]

1.e4 e6 2.d4 d5 3.Nd2 c5 4.Ngf3 Nc6 5.exd5 exd5 6.dxc5 Bxc5 7.Nb3 Bb6 8.
Be2 h6 9.O-O Nf6 10.Nfd4 O-O 11.Nxc6 bxc6 12.c4 Qe7 13.cxd5 cxd5 14.Bf4 
Rd8 15.Bf3 Ne4 16.Nd4 Qf6 17.Be3 Ba6 18.Be2 Bxe2 19.Nxe2 d4 20.Bd2 d3 21.
Nf4 Qxb2 22.Be3 Bxe3 23.fxe3 Qb6 24.Rf3 d2 25.Qc2 Ng5 26.Rg3 Rac8 27.Qd1 
Qb2 28.Ne2 Qxa1 29.Qxa1 d1=Q+ 0-1

[Event "22nd EUR-ch (w)"]
[Site "Prague CZE"]
[Date "2022.08.24"]
[Round "5.26"]
[White "Toncheva, Nadya"]
[Black "Zhukova, Natalia"]
[Result "1/2-1/2"]
[WhiteElo "2164"]
[BlackElo "2335"]
[EventDate "2022.08.20"]
[PlyCount "105"]

1.e4 e6 2.d4 d5 3.Nd2 c5 4.exd5 Qxd5 5.Ngf3 cxd4 6.Bc4 Qd8 7.O-O Nc6 8.Nb3
a6 9.Nbxd4 Nxd4 10.Qxd4 Qxd4 11.Nxd4 Nf6 12.Re1 Bc5 13.Nb3 Bd6 14.Bg5 b6 
15.Rad1 Bc7 16.Bxf6 gxf6 17.Bd5 Ra7 18.Nd4 Be5 19.Nc6 Rc7 20.Nxe5 fxe5 21.
Bb3 Rc5 22.Rd6 b5 23.a4 Ke7 24.Red1 Rg8 25.axb5 axb5 26.R6d3 Rc7 27.Re1 
Bb7 28.Rg3 Rxg3 29.hxg3 Kd6 30.Kf1 Bd5 31.Rd1 Kc5 32.Bxd5 exd5 33.Ke2 Kd6 
34.Kd2 Ra7 35.Rh1 f6 36.Kc3 Kc5 37.Rh6 Rf7 38.g4 d4+ 39.Kd3 Kd5 40.f3 b4 
41.b3 Rc7 42.Rxf6 Rc3+ 43.Kd2 d3 44.cxd3 Rxb3 45.Ke3 Rb2 46.Rh6 Rxg2 47.
Rxh7 b3 48.Rb7 b2 49.Rb3 Rh2 50.g5 Rg2 51.f4 Rg3+ 52.Kf2 exf4 53.Rxb2 
1/2-1/2

[Event "22nd EUR-ch (w)"]
[Site "Prague CZE"]
[Date "2022.08.24"]
[Round "5.27"]
[White "Sedina, Elena"]
[Black "Bulmaga, Irina"]
[Result "1/2-1/2"]
[WhiteElo "2213"]
[BlackElo "2403"]
[EventDate "2022.08.20"]
[PlyCount "34"]

1.e4 e5 2.Nc3 Nf6 3.Bc4 Bc5 4.d3 c6 5.Nf3 d6 6.h3 a5 7.a3 h6 8.Ba2 Nbd7 9.
O-O O-O 10.Be3 Re8 11.Re1 Bxe3 12.Rxe3 Nc5 13.d4 exd4 14.Qxd4 Ne6 15.Qd2 
Nc5 16.Qd4 Ne6 17.Qd2 Nc5 1/2-1/2

[Event "22nd EUR-ch (w)"]
[Site "Prague CZE"]
[Date "2022.08.24"]
[Round "5.28"]
[White "Kucharska, Honorata"]
[Black "Milliet, Sophie"]
[Result "0-1"]
[WhiteElo "2193"]
[BlackElo "2391"]
[EventDate "2022.08.20"]
[PlyCount "56"]

1.c4 e5 2.Nc3 Nf6 3.Nf3 e4 4.Ng5 c6 5.Ngxe4 Nxe4 6.Nxe4 d5 7.cxd5 cxd5 8.
Ng3 h5 9.e3 h4 10.Ne2 Nc6 11.d4 Bf5 12.a3 Qf6 13.Nc3 Qg6 14.h3 Bd6 15.Qf3 
Rd8 16.Be2 Bb8 17.Bd2 O-O 18.Qh5 Qf6 19.O-O g6 20.Qh6 Rfe8 21.Bb5 a6 22.
Bxc6 bxc6 23.b4 a5 24.f4 axb4 25.axb4 Bd6 26.Na4 Bf8 27.Qg5 Qh8 28.Qxd8 
Rxd8 0-1

[Event "22nd EUR-ch (w)"]
[Site "Prague CZE"]
[Date "2022.08.24"]
[Round "5.29"]
[White "Daulyte-Cornette, Deimante"]
[Black "Lehaci, Miruna-Daria"]
[Result "1-0"]
[WhiteElo "2384"]
[BlackElo "2186"]
[EventDate "2022.08.20"]
[PlyCount "73"]

1.e4 c5 2.Nf3 Nc6 3.d4 cxd4 4.Nxd4 Nf6 5.Nc3 d6 6.Bg5 a6 7.Nxc6 bxc6 8.Bc4
Qc7 9.Qe2 g6 10.Bxf6 exf6 11.O-O-O Be6 12.f4 Bh6 13.g3 O-O 14.h4 Qd7 15.
Qd3 Rfd8 16.Kb1 Rab8 17.Bxe6 Qxe6 18.Qxa6 f5 19.exf5 Qxf5 20.Rd3 Bg7 21.
Rhd1 Qf6 22.Kc1 d5 23.Re1 Qd6 24.a3 Qc7 25.Rde3 Bf6 26.Nd1 Kg7 27.h5 Rb6 
28.Qd3 c5 29.Re8 c4 30.Qf3 d4 31.h6+ Kxh6 32.Rh1+ Bh4 33.Rxh4+ Kg7 34.
Rxh7+ Kf6 35.Qe4 Rxe8 36.Qxe8 Re6 37.Qh8+ 1-0

[Event "22nd EUR-ch (w)"]
[Site "Prague CZE"]
[Date "2022.08.24"]
[Round "5.30"]
[White "Balajayeva, Khanim"]
[Black "Ibrahimova, Sabina"]
[Result "1-0"]
[WhiteElo "2344"]
[BlackElo "2146"]
[EventDate "2022.08.20"]
[PlyCount "99"]

1.e4 c6 2.d4 d5 3.e5 Bf5 4.Nd2 e6 5.Nb3 Nd7 6.Nf3 Bg6 7.Be2 Nh6 8.O-O Nf5 
9.Bd2 Bh5 10.h3 Bxf3 11.Bxf3 Be7 12.Be2 O-O 13.Bd3 Nb6 14.Qe2 Na4 15.Rab1 
Rc8 16.g4 Nh4 17.f4 c5 18.dxc5 Nxc5 19.Nxc5 Bxc5+ 20.Kh1 f6 21.f5 fxe5 22.
Qxe5 exf5 23.gxf5 Be7 24.Qg3 Bf6 25.Qg4 Kh8 26.Be1 Rc7 27.Bg3 Rcf7 28.Qh5 
d4 29.Rf4 Qd5+ 30.Be4 Qxa2 31.Rg1 Qxb2 32.Bxh4 Qc3 33.Rf3 Qd2 34.Bxf6 Rxf6
35.Qg4 R8f7 36.Bd5 Re7 37.Qg3 Qe2 38.Qb8+ Re8 39.Qxb7 Qe7 40.Qxe7 Rxe7 41.
Bc4 a5 42.Bd3 a4 43.Ra1 Ra7 44.Rf4 Rd6 45.Ra3 Ra5 46.Kg2 Kg8 47.Kf3 Kf7 
48.Rh4 h6 49.Rg4 Rd7 50.Ke4 1-0

[Event "22nd EUR-ch (w)"]
[Site "Prague CZE"]
[Date "2022.08.24"]
[Round "5.31"]
[White "Roebers, Eline"]
[Black "Martynkova, Olena"]
[Result "0-1"]
[WhiteElo "2324"]
[BlackElo "2182"]
[EventDate "2022.08.20"]
[PlyCount "54"]

1.e4 e5 2.Nf3 d6 3.d4 exd4 4.Nxd4 Nf6 5.Nc3 Be7 6.Bf4 O-O 7.Qd2 Nc6 8.
O-O-O Nxd4 9.Qxd4 a6 10.f3 b5 11.g4 c5 12.Qd2 b4 13.Ne2 Qa5 14.Kb1 Be6 15.
b3 d5 16.e5 Nd7 17.Ng3 Rfe8 18.Bg5 Nxe5 19.Bxe7 Rxe7 20.f4 Bxg4 21.fxe5 
Bxd1 22.Qxd1 Rxe5 23.Be2 Rae8 24.Rf1 Qc7 25.a4 bxa3 26.Ka2 Rxe2 27.Nxe2 
Qe5 0-1

[Event "22nd EUR-ch (w)"]
[Site "Prague CZE"]
[Date "2022.08.24"]
[Round "5.32"]
[White "Lach, Aleksandra"]
[Black "Sandu, Mihaela"]
[Result "1-0"]
[WhiteElo "2152"]
[BlackElo "2297"]
[EventDate "2022.08.20"]
[PlyCount "111"]

1.e4 c5 2.Nf3 d6 3.d4 cxd4 4.Nxd4 Nf6 5.Nc3 a6 6.Rg1 g6 7.g4 Bg7 8.g5 Nh5 
9.Be3 Nc6 10.Be2 Nxd4 11.Bxd4 e5 12.Be3 Nf4 13.Qd2 Nxe2 14.Nxe2 Be6 15.
O-O-O O-O 16.Qxd6 Qa5 17.Nc3 Rfd8 18.Qb6 Qxb6 19.Bxb6 Rxd1+ 20.Rxd1 h6 21.
h4 f6 22.gxh6 Bxh6+ 23.Kb1 Kf7 24.Na4 Bf4 25.Nc5 Bg4 26.Rg1 Bf3 27.Nxb7 
Rh8 28.b4 Rxh4 29.Nd6+ Ke6 30.Bc5 g5 31.a4 Rh8 32.b5 axb5 33.axb5 Bd2 34.
Kb2 Ba5 35.Nc4 Bc7 36.Nd2 Rb8 37.c4 Be2 38.Kc3 Rd8 39.Nb3 Rd3+ 40.Kb4 Bd1 
41.Nc1 Rd7 42.b6 Bd8 43.Be3 Bf3 44.Nb3 Be7+ 45.Bc5 Bd8 46.Re1 f5 47.exf5+ 
Kxf5 48.Kb5 Rd3 49.Na5 Rd2 50.Rb1 Rd7 51.Nc6 Bf6 52.Rb3 g4 53.Ra3 Rd1 54.
Rxf3+ gxf3 55.b7 Rb1+ 56.Nb4 1-0

[Event "22nd EUR-ch (w)"]
[Site "Prague CZE"]
[Date "2022.08.24"]
[Round "5.33"]
[White "Belenkaya, Dina"]
[Black "Dolzhykova, Kateryna"]
[Result "1/2-1/2"]
[WhiteElo "2293"]
[BlackElo "2139"]
[EventDate "2022.08.20"]
[PlyCount "178"]

1.e4 c5 2.Nf3 d6 3.Bb5+ Bd7 4.Bxd7+ Qxd7 5.c4 Nc6 6.d4 cxd4 7.Nxd4 Nf6 8.
Nc3 g6 9.f3 Nxd4 10.Qxd4 Bg7 11.b3 O-O 12.Bb2 Rfc8 13.O-O Qd8 14.Qd2 Qa5 
15.Rfd1 a6 16.Na4 Qxd2 17.Rxd2 Nd7 18.Bxg7 Kxg7 19.Nb2 b5 20.Rc1 Rc7 21.
Rdc2 Rac8 22.Kf2 a5 23.Ke3 Nb6 24.Kd3 b4 25.f4 h5 26.Kd4 f6 27.f5 gxf5 28.
exf5 Rc5 29.Re2 Kf7 30.Rce1 R8c7 31.Rf2 Re5 32.Nd3 Rxe1 33.Nxe1 Rc8 34.Nd3
Nd7 35.Nf4 Ne5 36.Rc2 Rg8 37.Ke4 h4 38.c5 dxc5 39.Rxc5 Rg4 40.Rxa5 Nd3 41.
Kxd3 Rxf4 42.Ke3 Rg4 43.Kf3 Rd4 44.Rb5 e5 45.Rb7+ Kg8 46.g3 hxg3 47.hxg3 
Kf8 48.g4 Rd3+ 49.Kf2 Rd2+ 50.Kf3 Rd3+ 51.Kf2 Rd2+ 52.Kg3 Rd3+ 53.Kh4 Rd4 
54.Kh5 e4 55.Rb6 Kf7 56.Re6 Rd2 57.Kh4 Re2 58.Kg3 e3 59.Kf4 Rxa2 60.Rxe3 
Rb2 61.Rg3 Re2 62.Kf3 Re1 63.Kf4 Re2 64.Rd3 Rb2 65.Kf3 Ke7 66.Kf4 Kf7 67.
Re3 Rf2+ 68.Kg3 Rb2 69.Kf3 Kg7 70.Ke4 Rg2 71.Kf4 Rf2+ 72.Rf3 Rb2 73.Rd3 
Kf7 74.Rh3 Kg7 75.Rd3 Kf7 76.Ke4 Rg2 77.Kf3 Rb2 78.Kg3 Rb1 79.Kf2 Kg7 80.
Ke2 Kh6 81.Rd8 Kg5 82.Rg8+ Kf4 83.Rf8 Rxb3 84.Rxf6 Kxg4 85.Rf8 Kg5 86.f6 
Kg6 87.Kd2 Rf3 88.Rg8+ Kf7 89.Rb8 Rxf6 1/2-1/2

[Event "22nd EUR-ch (w)"]
[Site "Prague CZE"]
[Date "2022.08.24"]
[Round "5.34"]
[White "Kazarian, Anna-Maja"]
[Black "Movsesian, Julia"]
[Result "0-1"]
[WhiteElo "2139"]
[BlackElo "2291"]
[EventDate "2022.08.20"]
[PlyCount "132"]

1.e4 e5 2.Nf3 Nc6 3.Bb5 a6 4.Ba4 Nf6 5.d3 d6 6.c3 Bd7 7.O-O g6 8.h3 Bg7 9.
Be3 O-O 10.Nbd2 Qe8 11.b4 Nh5 12.Bb3 Kh8 13.g4 Nf4 14.Bxf4 exf4 15.d4 Qe7 
16.Kg2 Rae8 17.Re1 Qd8 18.Qc2 Qc8 19.Kh2 b5 20.a4 Nd8 21.axb5 axb5 22.Qd3 
c6 23.Ra7 c5 24.bxc5 Nc6 25.Ra2 dxc5 26.dxc5 Ne5 27.Nxe5 Rxe5 28.Bd5 Bxg4 
29.Ra8 Qxc5 30.Rxf8+ Bxf8 31.Kg2 Bc8 32.Nf3 Rh5 33.Ng1 Qc7 34.e5 Kg7 35.
Qf3 Bc5 36.Re4 Bf5 37.Rxf4 Qxe5 38.Be4 Rg5+ 39.Kf1 Bxe4 40.Rxe4 Qc7 41.Rg4
Re5 42.Ne2 h5 43.Re4 Rg5 44.Ng3 Bd6 45.Ne2 Rf5 46.Qe3 Rc5 47.Re8 Be5 48.
Nd4 Bf6 49.Qe4 Qh2 50.Qe3 Qh1+ 51.Ke2 Qd5 52.Qe4 Qc4+ 53.Qd3 Qxc3 54.Qxc3 
Rxc3 55.Nxb5 Rxh3 56.Nd6 Ra3 57.Re4 g5 58.Kf1 Kg6 59.Re8 Rd3 60.Ne4 h4 61.
Rg8+ Kf5 62.Nc5 Rd5 63.Nb3 h3 64.Kg1 Be5 65.Kf1 h2 66.Kg2 Rd1 0-1

[Event "22nd EUR-ch (w)"]
[Site "Prague CZE"]
[Date "2022.08.24"]
[Round "5.35"]
[White "Blagojevic, Tijana"]
[Black "Nilssen, Ellen Fredericia"]
[Result "1/2-1/2"]
[WhiteElo "2291"]
[BlackElo "2139"]
[EventDate "2022.08.20"]
[PlyCount "59"]

1.e4 c5 2.Nf3 d6 3.d4 cxd4 4.Qxd4 Nc6 5.Bb5 Bd7 6.Qd3 g6 7.O-O Bg7 8.c4 
Nf6 9.h3 O-O 10.Nc3 a6 11.Bxc6 Bxc6 12.Nd4 Qb6 13.Rd1 Nd7 14.Be3 Qxb2 15.
Rab1 Qa3 16.Nxc6 bxc6 17.Nd5 Qxd3 18.Nxe7+ Kh8 19.Rxd3 Ne5 20.Rxd6 Rae8 
21.Nxc6 Nxc4 22.Rd3 Rxe4 23.Ba7 Rc8 24.Rb7 Bf8 25.Rd8 Rxd8 26.Nxd8 f6 27.
g3 Kg8 28.Rc7 Re7 29.Bb8 Rxc7 30.Bxc7 1/2-1/2

[Event "22nd EUR-ch (w)"]
[Site "Prague CZE"]
[Date "2022.08.24"]
[Round "5.36"]
[White "Pipiras, Filipa Fortuna"]
[Black "Papp, Sarah"]
[Result "1/2-1/2"]
[WhiteElo "2135"]
[BlackElo "2290"]
[EventDate "2022.08.20"]
[PlyCount "100"]

1.d4 Nf6 2.c4 c5 3.d5 e5 4.Nc3 d6 5.e4 Be7 6.Bd3 Nbd7 7.Nge2 a6 8.f3 Nh5 
9.Be3 Bg5 10.Qd2 Bxe3 11.Qxe3 g5 12.O-O-O Nf8 13.h4 gxh4 14.Qh6 Ng3 15.
Rxh4 Rg8 16.Rh2 Nxe2+ 17.Nxe2 Rg6 18.Qd2 Qe7 19.Kb1 Bd7 20.Nc3 O-O-O 21.
Qf2 Rg7 22.Rdh1 Qg5 23.Kc2 Be8 24.Qd2 Qe7 25.b3 f6 26.Kb2 Ng6 27.g3 Kb8 
28.Rh6 Nf8 29.Qf2 Rg6 30.R6h4 Qg7 31.g4 Qc7 32.Qd2 Rg7 33.Qh2 Rdd7 34.Qd2 
Rg5 35.Rh6 Rg6 36.R6h4 Rdg7 37.Qh2 Qa5 38.a4 Rg5 39.Rh6 Qd8 40.Qd2 R7g6 
41.R6h4 Rg7 42.Rh6 Rc7 43.Ne2 Rgg7 44.Ng3 Ng6 45.Nf5 Rgd7 46.Qa5 Nf4 47.
Bf1 Bg6 48.Nh4 Ka7 49.Qd2 Be8 50.Ng2 Ng6 1/2-1/2

[Event "22nd EUR-ch (w)"]
[Site "Prague CZE"]
[Date "2022.08.24"]
[Round "5.37"]
[White "Huda, Maryana"]
[Black "Gaboian, Susanna"]
[Result "1/2-1/2"]
[WhiteElo "2128"]
[BlackElo "2270"]
[EventDate "2022.08.20"]
[PlyCount "121"]

1.e4 c5 2.Nc3 Nc6 3.Bb5 Nd4 4.Nf3 a6 5.Bd3 e6 6.O-O Nc6 7.Re1 g5 8.Kh1 h5 
9.Bf1 g4 10.Ng1 Qf6 11.f3 Bd6 12.d3 Nge7 13.Be3 Ng6 14.Qd2 Nd4 15.Na4 Qe5 
16.g3 h4 17.fxg4 hxg3 18.h3 b5 19.Nb6 Rb8 20.Nxc8 Rxc8 21.c3 Nc6 22.Nf3 
Qg7 23.Kg1 Nce5 24.Nxe5 Nxe5 25.Qe2 c4 26.d4 Nd3 27.e5 Be7 28.Red1 Bg5 29.
Rxd3 cxd3 30.Qxd3 f5 31.exf6 Qxf6 32.Bg2 Bxe3+ 33.Qxe3 Qf2+ 34.Qxf2 gxf2+ 
35.Kxf2 b4 36.Rc1 bxc3 37.bxc3 Ke7 38.c4 Rb8 39.Kg3 Rb2 40.g5 Rxa2 41.h4 
a5 42.d5 Rb8 43.Be4 Re2 44.Kf3 Rh2 45.Kg3 Re2 46.Kf3 Rbb2 47.dxe6 Kxe6 48.
Ra1 Ra2 49.Rb1 a4 50.Rb6+ Ke7 51.h5 Rh2 52.h6 Rab2 53.Rxb2 Rxb2 54.g6 a3 
55.g7 a2 56.g8=Q Rb3+ 57.Kf4 a1=Q 58.Qg5+ Qf6+ 59.Qxf6+ Kxf6 60.h7 Rb8 61.
Bd5 1/2-1/2

[Event "22nd EUR-ch (w)"]
[Site "Prague CZE"]
[Date "2022.08.24"]
[Round "5.38"]
[White "Lhotska, Anna"]
[Black "Urh, Zala"]
[Result "0-1"]
[WhiteElo "2081"]
[BlackElo "2262"]
[EventDate "2022.08.20"]
[PlyCount "112"]

1.e4 e5 2.Nf3 Nc6 3.Bb5 a6 4.Ba4 Nf6 5.d3 b5 6.Bb3 Bc5 7.O-O d6 8.c3 O-O 
9.Bg5 h6 10.Bh4 g5 11.Bg3 Bb6 12.Nbd2 Bg4 13.Re1 Na5 14.Bc2 h5 15.h4 Nh7 
16.Qc1 f6 17.b4 Nb7 18.Bb3+ Kh8 19.Bd5 Qc8 20.d4 c6 21.Bb3 Bxf3 22.Nxf3 g4
23.dxe5 gxf3 24.exd6 Qg4 25.Qf4 Qxf4 26.Bxf4 Bd8 27.Bh6 Nxd6 28.Bxf8 Nxf8 
29.Rad1 Ne8 30.Bf7 Ng7 31.Rd6 Rc8 32.e5 Be7 33.Rxf6 Bxf6 34.exf6 Nge6 35.
Re5 Nf4 36.g3 Rc7 37.Re7 Ne2+ 38.Kf1 Rd7 39.Bb3 Rd8 40.Re5 Kh7 41.Re3 Rd2 
42.Rxf3 Kg6 43.Ke1 Rb2 44.Bg8 Ng1 45.Rf4 Nh3 46.Rf3 Ng1 47.Rf4 Nh3 48.Rd4 
Kxf6 49.f3 Ng6 50.Rd6+ Kg7 51.Bb3 Ne5 52.Kd1 Nf2+ 53.Ke1 Nxf3+ 54.Kf1 Ne4 
55.Rd7+ Kh6 56.Rd3 Rf2# 0-1

[Event "22nd EUR-ch (w)"]
[Site "Prague CZE"]
[Date "2022.08.24"]
[Round "5.39"]
[White "Gueci, Tea"]
[Black "Vanduyfhuys, Daria"]
[Result "1-0"]
[WhiteElo "2254"]
[BlackElo "2054"]
[EventDate "2022.08.20"]
[PlyCount "187"]

1.e4 c5 2.d4 cxd4 3.c3 dxc3 4.Nxc3 Nc6 5.Nf3 e6 6.Bc4 a6 7.O-O Nge7 8.h4 
b5 9.Bb3 Bb7 10.h5 h6 11.Re1 Nc8 12.Bf4 d6 13.Rc1 Be7 14.Qd2 O-O 15.Red1 
Na5 16.Qe2 Nxb3 17.axb3 Qe8 18.Bg3 b4 19.Na4 Qb5 20.Qe3 Qxh5 21.Rc7 Rb8 
22.Rdc1 e5 23.Nb6 Nxb6 24.Rxe7 Ba8 25.Ra7 Qg4 26.Nd2 Rfc8 27.Ra1 f5 28.
exf5 Nd5 29.Qf3 Qd4 30.Rxa8 Rxa8 31.Nc4 Nf6 32.Rd1 Qc5 33.Rxd6 e4 34.Qd1 
Re8 35.Bh4 Qxf5 36.Bxf6 gxf6 37.Rd5 Qg6 38.Rd7 Kh8 39.Qd5 Rg8 40.g3 Raf8 
41.Ne3 Rc8 42.Kg2 Rce8 43.Rd6 h5 44.Qd4 Rgf8 45.Nd5 Kg7 46.Nc7 h4 47.Nxe8+
Rxe8 48.Qa7+ Kh8 49.Qxa6 Rf8 50.Qe2 hxg3 51.fxg3 Rc8 52.Rd4 f5 53.Qd2 Qc6 
54.Rc4 Qe6 55.Qd4+ Kg8 56.Rxc8+ Qxc8 57.Qxb4 Qc2+ 58.Kh3 Qxb2 59.Qc4+ Kg7 
60.Qc7+ Kg6 61.Qc6+ Kg5 62.Qe6 Qa3 63.g4 fxg4+ 64.Qxg4+ Kf6 65.Qf4+ Kg7 
66.Qe5+ Kf8 67.Qf6+ Kg8 68.Qe6+ Kf8 69.Kg4 Qa1 70.Qf5+ Kg7 71.Qxe4 Qd1+ 
72.Qf3 Qd4+ 73.Kg3 Qd6+ 74.Kg2 Qd2+ 75.Kh3 Qh6+ 76.Kg4 Qe6+ 77.Kf4 Qd6+ 
78.Ke3 Qc5+ 79.Kd2 Qg5+ 80.Kc2 Qg6+ 81.Kb2 Qb6 82.Qf4 Qb5 83.Qc4 Qg5 84.b4
Qd2+ 85.Ka3 Kf8 86.b5 Qa5+ 87.Kb3 Qb6 88.Kb4 Qb8 89.Qc6 Ke7 90.b6 Kd8 91.
Kb5 Qe5+ 92.Ka6 Qe2+ 93.Kb7 Qg4 94.Qc7+ 1-0